Hearing on National Defense Authorization Act for Fiscal Year 2008 and oversight of previously authorized programs before the Committee on Armed Services, House of Representatives, One Hundred Tenth Congress, first session : full committee hearing on budget request from U.S. European Command and Joint Forces Command, hearing held, March 15, 2007.

Bibliographic Details
Corporate Authors: United States. Congress. House. Committee on Armed Services, ProQuest (Firm)
Format: eBook
Language:English
Published: Washington : U.S. G.P.O. : 2008.
Series:U.S. Congressional Hearings.
Subjects:
Online Access:Connect to the full text of this electronic book

MARC

Tag First Indicator Second Indicator Subfields
LEADER 00000cam a22000001a 4500
001 in00003273333
005 20190404201359.0
006 m d f
007 cr bn mmmapmmp
008 110909s2008 dcua o f000 0 eng d
035 |a chdc200900052 
040 |a ProQuest  |c ProQuest  |d UtOrBLW 
043 |a n-us--- 
074 |a 1012-C-01 
088 |a H.A.S.C. no. 110-35 
099 |a HRG-2007-ASH-0074 
110 1 |a United States.  |b Congress.  |b House.  |b Committee on Armed Services. 
245 1 0 |a Hearing on National Defense Authorization Act for Fiscal Year 2008 and oversight of previously authorized programs before the Committee on Armed Services, House of Representatives, One Hundred Tenth Congress, first session :  |b full committee hearing on budget request from U.S. European Command and Joint Forces Command, hearing held, March 15, 2007. 
246 3 0 |a Budget request from U.S. European Command and Joint Forces Command 
264 1 |a Washington :  |b U.S. G.P.O. :  |c 2008. 
264 2 |a Washington :  |b For sale by the Supt. of Docs., U.S. G.P.O., 
300 |a 1 online resource. 
336 |a text  |b txt  |2 rdacontent 
337 |a computer  |b c  |2 rdamedia 
338 |a online resource  |b cr  |2 rdacarrier 
500 |a "H.A.S.C. number 110-35." 
500 |a Shipping list unavailable. 
500 |a Reuse of record except for individual research requires license from ProQuest, LLC. 
500 |a Electronic resource. 
538 |a System requirements: PDF reader software. 
610 1 0 |a United States.  |b Joint Forces Command  |x Appropriations and expenditures. 
610 1 0 |a United States.  |b European Command  |x Appropriations and expenditures. 
610 1 0 |a United States.  |b Department of Defense  |x Appropriations and expenditures. 
655 7 |a Electronic books.  |2 local 
710 2 |a ProQuest (Firm) 
776 0 8 |i Print version:   |a United States.Congress.House.Committee on Armed Services.  |t Hearing on National Defense Authorization Act for Fiscal Year 2008 and oversight of previously authorized programs before the Committee on Armed Services, House of Representatives, One Hundred Tenth Congress, first session  |w (DLC)2009376170  |w (OCoLC)ocn302419350  |z 0160825172  |z 9780160825170 
776 0 8 |i Microfiche version:   |a United States.Congress.House.Committee on Armed Services.  |t Hearing on National Defense Authorization Act for Fiscal Year 2008 and oversight of previously authorized programs before the Committee on Armed Services, House of Representatives, One Hundred Tenth Congress, first session  |d [Bethesda, Md.] : ProQuest LLC, [2004]  |o CIS 2009 H201-7  |w (ProQuest)cis00900149 
830 0 |a U.S. Congressional Hearings. 
856 4 0 |u http://proxy.library.tamu.edu/login?url=http://congressional.proquest.com/congcomp/getdoc?HEARING-ID=HRG-2007-ASH-0074  |z Connect to the full text of this electronic book  |t 0 
998 |a cis00900149 
999 |a MARS 
999 f f |s ade11ba8-5910-3259-a3a2-087e1ceb68b7  |i d083ea70-fb81-384b-9263-5a9f528c87a8  |t 0 
952 f f |a Texas A&M University  |b College Station  |c Electronic Resources  |d Available Online  |t 0  |e HRG-2007-ASH-0074  |h Other scheme 
998 f f |a HRG-2007-ASH-0074  |t 0  |l Available Online